[Event "4NCL Division 2b"]
[Site "Birmingham Airport ENG"]
[Date "2015.03.28"]
[Round "7.15"]
[White "Frostick, Clive A"]
[Black "Lund, Brett"]
[Result "0-1"]
[WhiteElo "2178"]
[BlackElo "2260"]
[PlyCount "80"]
[EventDate "2015.03.28"]
[WhiteTeam "BCM Dragons [1]"]
[BlackTeam "Spirit of Atticus A"]

1. e4 c5 2. Nf3 e6 3. g3 d5 4. exd5 exd5 5. Bg2 Qe7+ 6. Kf1 Nc6 7. d4 Bg4 8.
Nc3 O-O-O 9. h3 Bh5 10. g4 Bg6 11. Bf4 Nf6 12. Ne2 Ne4 13. c3 h5 14. Ne5 Nxe5
15. Bxe5 f6 16. Bf4 Qd7 17. f3 Ng5 18. Qd2 hxg4 19. hxg4 Rxh1+ 20. Bxh1 Ne6 21.
Bg3 Bd6 22. Bxd6 Qxd6 23. Bg2 c4 24. Kf2 Bd3 25. Ng3 Nf4 26. Rh1 Re8 27. Bf1
Bxf1 28. Kxf1 g6 29. Rh7 Nd3 30. Ne2 g5 31. b3 Kb8 32. b4 a6 33. a4 Ka7 34. a5
Qb8 35. Kg1 Re6 36. Rh1 Qe8 37. Kf1 Qa4 38. Nc1 Re1+ 39. Kg2 Rxh1 40. Kxh1 Qa1
0-1

[Event "4NCL Division 2b"]
[Site "Birmingham Airport ENG"]
[Date "2015.03.28"]
[Round "7.16"]
[White "Ivell, Nicholas"]
[Black "Farrand, Tom"]
[Result "0-1"]
[WhiteElo "2236"]
[BlackElo "2174"]
[PlyCount "64"]
[EventDate "2015.03.28"]
[WhiteTeam "Spirit of Atticus A"]
[BlackTeam "BCM Dragons [1]"]

1. c4 f5 2. g3 Nf6 3. Bg2 d6 4. Nc3 e6 5. Nf3 Be7 6. O-O O-O 7. d3 Nc6 8. Rb1
a5 9. a3 Qe8 10. b4 axb4 11. axb4 Qh5 12. b5 Nd8 13. b6 c6 14. e3 e5 15. Nd2
Qh6 16. Qe2 Nf7 17. d4 g5 18. d5 c5 19. Nb5 e4 20. f3 exf3 21. Bxf3 Ra2 22. Rb2
Ra1 23. Nc7 g4 24. Bg2 Ng5 25. Ne6 Bxe6 26. dxe6 Nfe4 27. Nxe4 fxe4 28. Rxf8+
Kxf8 29. Qf1+ Nf3+ 30. Bxf3 gxf3 31. Rc2 Bg5 32. Rc3 Qf6 0-1

[Event "4NCL Division 2b"]
[Site "Birmingham Airport ENG"]
[Date "2015.03.28"]
[Round "7.17"]
[White "Fegan, Chris"]
[Black "Carleton, John J"]
[Result "0-1"]
[WhiteElo "2081"]
[BlackElo "2251"]
[PlyCount "52"]
[EventDate "2015.03.28"]
[WhiteTeam "BCM Dragons [1]"]
[BlackTeam "Spirit of Atticus A"]

1. d4 Nf6 2. Nf3 d5 3. e3 e6 4. Bd3 c5 5. b3 Nc6 6. O-O Bd6 7. Bb2 Qc7 8. c4
dxc4 9. bxc4 O-O 10. Nc3 a6 11. a3 b6 12. Ne4 Nxe4 13. Bxe4 f5 14. Bd3 e5 15.
Be2 exd4 16. exd4 cxd4 17. Nxd4 Nxd4 18. Qxd4 Bb7 19. Qh4 Rae8 20. Bd3 Re6 21.
c5 Rg6 22. g3 Bxc5 23. Bd4 Rg4 24. Bxc5 Rxh4 25. Bxf8 Rd4 26. Rac1 Qd7 0-1

[Event "4NCL Division 2b"]
[Site "Birmingham Airport ENG"]
[Date "2015.03.28"]
[Round "7.18"]
[White "Jackson, Sheila"]
[Black "Scrimgour, Alan"]
[Result "1/2-1/2"]
[WhiteElo "2134"]
[BlackElo "2030"]
[PlyCount "43"]
[EventDate "2015.03.28"]
[WhiteTeam "Spirit of Atticus A"]
[BlackTeam "BCM Dragons [1]"]

1. e4 c5 2. c3 Nf6 3. e5 Nd5 4. d4 cxd4 5. Bc4 e6 6. cxd4 d6 7. Nf3 Nc6 8. O-O
Be7 9. exd6 Qxd6 10. Nc3 Nxc3 11. bxc3 O-O 12. Re1 b6 13. Qe2 Bb7 14. Bd3 Na5
15. Ne5 Bf6 16. Bf4 Bxe5 17. Bxe5 Qc6 18. Qg4 f6 19. Bf4 f5 20. Qh3 Rf6 21. Bf1
Rg6 22. Rac1 1/2-1/2

[Event "4NCL Division 2b"]
[Site "Birmingham Airport ENG"]
[Date "2015.03.28"]
[Round "7.19"]
[White "Purdon, Colin"]
[Black "Ackley, Peter J"]
[Result "1/2-1/2"]
[WhiteElo "2057"]
[BlackElo "2031"]
[PlyCount "36"]
[EventDate "2015.03.28"]
[WhiteTeam "BCM Dragons [1]"]
[BlackTeam "Spirit of Atticus A"]

1. d4 e6 2. e4 d5 3. Nd2 Be7 4. e5 c5 5. Qg4 Kf8 6. dxc5 Nc6 7. Ndf3 h5 8. Qf4
Bxc5 9. Bd3 Nh6 10. Ne2 Qc7 11. h3 Qb6 12. O-O Nb4 13. Bd2 Nxd3 14. cxd3 Bd7
15. Rac1 Be7 16. Rc2 Nf5 17. Rd1 Rd8 18. h4 Bb5 1/2-1/2

[Event "4NCL Division 2b"]
[Site "Birmingham Airport ENG"]
[Date "2015.03.28"]
[Round "7.22"]
[White "Robertson, David J"]
[Black "Dhemrait, Jagdeep"]
[Result "1/2-1/2"]
[WhiteElo "1947"]
[BlackElo "1682"]
[PlyCount "60"]
[EventDate "2015.03.28"]
[WhiteTeam "Spirit of Atticus A"]
[BlackTeam "BCM Dragons [1]"]

1. e4 c5 2. Nf3 Nc6 3. Nc3 e6 4. d4 cxd4 5. Nxd4 a6 6. Be3 g6 7. Be2 Bg7 8. O-O
Nge7 9. Qd2 O-O 10. f4 d5 11. exd5 Nxd5 12. Nxc6 bxc6 13. Nxd5 Qxd5 14. Qxd5
exd5 15. Rab1 Re8 16. Kf2 Bf5 17. Bd3 Bxd3 18. cxd3 Rab8 19. b3 Bc3 20. Rfd1
Re6 21. Rbc1 d4 22. Bd2 Rbe8 23. Bxc3 Re2+ 24. Kf1 dxc3 25. Re1 Rxe1+ 26. Rxe1
Rd8 27. Ke2 Re8+ 28. Kf2 Rd8 29. Ke2 Re8+ 30. Kf2 Rd8 1/2-1/2

[Event "4NCL Division 2b"]
[Site "Birmingham Airport ENG"]
[Date "2015.03.28"]
[Round "7.25"]
[White "Gantner, Matthias"]
[Black "Moss, Guy"]
[Result "1/2-1/2"]
[WhiteElo "2251"]
[BlackElo "2062"]
[PlyCount "49"]
[EventDate "2015.03.28"]
[WhiteTeam "White Rose 2"]
[BlackTeam "Barbican 4NCL Youth"]

1. e4 c5 2. Nf3 d6 3. d4 cxd4 4. Nxd4 Nf6 5. Nc3 Nc6 6. Bg5 e6 7. Qd2 Be7 8.
O-O-O O-O 9. Nb3 a6 10. f3 Na5 11. Kb1 Nxb3 12. axb3 b5 13. g4 b4 14. Bxf6 Bxf6
15. Na2 a5 16. Qxd6 Qe8 17. Bc4 Be7 18. Qb6 Bd7 19. Rd3 Qc8 20. Qe3 a4 21. Qd2
axb3 22. cxb3 Be8 23. Nxb4 Qb7 24. Nc2 Bb5 25. Bxb5 1/2-1/2

[Event "4NCL Division 2b"]
[Site "Birmingham Airport ENG"]
[Date "2015.03.28"]
[Round "7.27"]
[White "Lewyk, Ihor"]
[Black "Sands, David"]
[Result "1/2-1/2"]
[WhiteElo "2054"]
[BlackElo "2185"]
[PlyCount "30"]
[EventDate "2015.03.28"]
[WhiteTeam "White Rose 2"]
[BlackTeam "Barbican 4NCL Youth"]

1. Nf3 d5 2. d4 Nf6 3. Bg5 Ne4 4. Bf4 c5 5. c3 Nc6 6. e3 Qb6 7. Qb3 c4 8. Qc2
Bf5 9. Nh4 Bd7 10. Nd2 Nxd2 11. Qxd2 e6 12. Be2 Be7 13. Nf3 O-O 14. O-O Rfc8
15. Qc2 Qd8 1/2-1/2

[Event "4NCL Division 2b"]
[Site "Birmingham Airport ENG"]
[Date "2015.03.28"]
[Round "7.28"]
[White "O'Toole, George E"]
[Black "Shaw, Peter"]
[Result "1/2-1/2"]
[WhiteElo "2203"]
[BlackElo "2160"]
[PlyCount "99"]
[EventDate "2015.03.28"]
[WhiteTeam "Barbican 4NCL Youth"]
[BlackTeam "White Rose 2"]

1. e4 d6 2. d4 Nf6 3. Nc3 c6 4. Be3 Qb6 5. Qd2 Qxb2 6. Rb1 Qa3 7. Nf3 Qa5 8.
Be2 e5 9. O-O Be7 10. Rfd1 Qc7 11. h3 O-O 12. a4 b6 13. g4 Nbd7 14. g5 Ne8 15.
Bc4 g6 16. d5 c5 17. Nh2 f5 18. f4 Ng7 19. Nf3 exf4 20. Bxf4 fxe4 21. Nh4 Nf5
22. Nxf5 Rxf5 23. Nxe4 Ne5 24. Bxe5 Rxe5 25. Re1 Bxh3 26. Nf6+ Bxf6 27. gxf6
Rae8 28. Rxe5 Rxe5 29. Re1 Rxe1+ 30. Qxe1 Qd7 31. Kh2 Bf5 32. Bb5 Qf7 33. Qe7
g5 34. Be8 Qf8 35. f7+ Kg7 36. Qxg5+ Bg6 37. c4 h6 38. Qg3 Kh7 39. Qf4 Kg7 40.
Qg3 Kh7 41. Qf3 Kg7 42. Qc3+ Kh7 43. Qf6 Be4 44. Bd7 Bg6 45. Be6 Be4 46. Kh3
Bd3 47. Kh4 Bg6 48. Kg4 h5+ 49. Kf4 Qh6+ 50. Qg5 1/2-1/2

[Event "4NCL Division 2b"]
[Site "Birmingham Airport ENG"]
[Date "2015.03.28"]
[Round "7.29"]
[White "Weller, Pierre"]
[Black "Coleman, David"]
[Result "0-1"]
[WhiteElo "2060"]
[BlackElo "2226"]
[PlyCount "64"]
[EventDate "2015.03.28"]
[WhiteTeam "White Rose 2"]
[BlackTeam "Barbican 4NCL Youth"]

1. d4 Nf6 2. c4 Nc6 3. Nc3 e5 4. d5 Ne7 5. e4 Ng6 6. h4 h5 7. Bg5 Bc5 8. Nge2
c6 9. Nc1 d6 10. Nd3 Bd4 11. Rc1 Ne7 12. Bxf6 gxf6 13. g3 a6 14. Bg2 Bg4 15.
Qd2 c5 16. b4 cxb4 17. Nxb4 Rc8 18. Ne2 Ba7 19. Nd3 Rg8 20. f3 Bd7 21. Qh6 Ng6
22. Qd2 Ne7 23. Qb4 b5 24. a4 a5 25. Qxd6 bxc4 26. Nxe5 fxe5 27. Qxe5 Qb6 28.
d6 Be6 29. dxe7 Qf2+ 30. Kd1 Kxe7 31. Re1 Qe3 32. Nc3 Qd3# 0-1

[Event "4NCL Division 2b"]
[Site "Birmingham Airport ENG"]
[Date "2015.03.28"]
[Round "7.30"]
[White "Stewart, Ashley"]
[Black "Burnett, Jim"]
[Result "1/2-1/2"]
[WhiteElo "2061"]
[BlackElo "2121"]
[PlyCount "125"]
[EventDate "2015.03.28"]
[WhiteTeam "Barbican 4NCL Youth"]
[BlackTeam "White Rose 2"]

1. c4 e6 2. Nf3 d5 3. b3 Nf6 4. Bb2 Be7 5. g3 O-O 6. Bg2 c6 7. O-O b5 8. Qc2
Bb7 9. d3 Nbd7 10. Nbd2 Qb6 11. a3 Rfc8 12. Rab1 Rab8 13. e4 Qd8 14. e5 Ne8 15.
Rfe1 a5 16. Nf1 Nc7 17. Ne3 Qf8 18. Ra1 Ba6 19. Nd4 Na8 20. Qd2 c5 21. Nf3 d4
22. Nf1 bxc4 23. bxc4 Qd8 24. Qc2 Qc7 25. Bc1 Bb7 26. N1d2 Bc6 27. Ne4 Nab6 28.
Bf4 Na4 29. h4 Rb2 30. Qc1 Qb7 31. Bg5 Bf8 32. h5 h6 33. Bd2 Qb3 34. Bf1 Nc3
35. Bxc3 dxc3 36. Bg2 Bxe4 37. Rxe4 Rb8 38. Re1 c2 39. Nd2 Qxd3 40. Be4 Qd4 41.
Nf3 Qxc4 42. Qd2 Nb6 43. Qxa5 Nd5 44. Qd2 R8b3 45. Kg2 Rc3 46. Qc1 Qb3 47. a4
Be7 48. a5 Rxf3 49. Bxf3 Bg5 50. a6 Bxc1 51. a7 Nc7 52. a8=Q+ Nxa8 53. Rxa8+
Kh7 54. Be4+ g6 55. hxg6+ fxg6 56. Ra7+ Kg8 57. Ra8+ Kg7 58. Ra7+ Kf8 59. Ra8+
Ke7 60. Ra7+ Kd8 61. Ra8+ Kc7 62. Ra7+ Kb8 63. Ra8+ 1/2-1/2

[Event "4NCL Division 2b"]
[Site "Birmingham Airport ENG"]
[Date "2015.03.28"]
[Round "7.31"]
[White "Slade, Theo"]
[Black "Goldie, Thomas"]
[Result "0-1"]
[WhiteElo "1927"]
[BlackElo "2058"]
[PlyCount "90"]
[EventDate "2015.03.28"]
[WhiteTeam "White Rose 2"]
[BlackTeam "Barbican 4NCL Youth"]

1. e4 c5 2. Nf3 d6 3. d4 cxd4 4. Nxd4 Nf6 5. f3 a6 6. c4 Nc6 7. Be3 e6 8. Nc3
Be7 9. Be2 O-O 10. O-O Bd7 11. Rc1 Qb8 12. Nc2 Na7 13. f4 b5 14. e5 dxe5 15.
fxe5 Qxe5 16. Rxf6 gxf6 17. Qxd7 Bd6 18. g3 Rfd8 19. Qb7 Bc5 20. Qe4 Bxe3+ 21.
Qxe3 Qxe3+ 22. Nxe3 bxc4 23. Bxc4 Nc6 24. Ne4 f5 25. Nc5 a5 26. Nxe6 Rd2 27.
Nc7 Nd4 28. Nf1 Nf3+ 29. Kh1 Rad8 30. Rc3 Rf2 31. Nd5 Ne5 32. Bb3 Rxf1+ 33. Kg2
Rb1 34. Ne7+ Kf8 35. Nxf5 Rxb2+ 36. Kh3 Rf2 37. Bc2 Nf3 38. Kg4 Nd4 39. Nxd4
Rxd4+ 40. Kh3 Rdd2 41. Bb3 Rxh2+ 42. Kg4 Rd4+ 43. Kg5 Kg7 44. g4 Rg2 45. Rc4
Rgxg4+ 0-1

[Event "4NCL Division 2b"]
[Site "Birmingham Airport ENG"]
[Date "2015.03.28"]
[Round "7.32"]
[White "Keen, Cosima"]
[Black "Vrba, Michal"]
[Result "0-1"]
[WhiteElo "1799"]
[BlackElo "2018"]
[PlyCount "106"]
[EventDate "2015.03.28"]
[WhiteTeam "Barbican 4NCL Youth"]
[BlackTeam "White Rose 2"]

1. d4 Nf6 2. Nf3 d5 3. Bf4 c6 4. e3 Nbd7 5. c4 Nh5 6. Bg5 h6 7. Bh4 g5 8. Nfd2
Ndf6 9. Be2 gxh4 10. Bxh5 Qa5 11. Be2 Rg8 12. g3 Be6 13. Nc3 dxc4 14. Nxc4 Qg5
15. Ne5 h3 16. Bf3 Nd7 17. Ne4 Qg7 18. Nd3 O-O-O 19. Rc1 Bd5 20. Nf4 Bxe4 21.
Bxe4 e5 22. Nxh3 Bb4+ 23. Kf1 exd4 24. Qa4 Nc5 25. Bf5+ Kb8 26. Qxb4 Na6 27.
Qb3 dxe3 28. Qxe3 Qxb2 29. Kg2 Qxa2 30. Nf4 Qd2 31. Qb3 Qxf4 32. Bd3 Qb4 33.
Qa2 Rxd3 34. Qxf7 Qe4+ 35. Kg1 Rgd8 36. Rf1 Rd1 37. f3 Rxf1+ 38. Kxf1 Qb1+ 39.
Kg2 Rd2+ 40. Kh3 Qxh1 41. Qf4+ Kc8 42. Qxd2 Qxf3 43. Qxh6 c5 44. Qe6+ Kc7 45.
Qe7+ Kc6 46. Qd8 Nc7 47. Kh4 Qd5 48. Qf6+ Qd6 49. Qb2 Nb5 50. g4 c4 51. g5 c3
52. Qf2 Qc5 53. Qf6+ Qd6 0-1

[Event "4NCL Division 2c"]
[Site "Hinckley Island ENG"]
[Date "2015.05.03"]
[Round "10.211"]
[White "Bauer, Christian"]
[Black "Lund, Brett"]
[Result "1-0"]
[WhiteElo "2624"]
[BlackElo "2260"]
[PlyCount "121"]
[EventDate "2015.05.03"]
[WhiteTeam "3Cs"]
[BlackTeam "Spirit of Atticus A"]

1. d4 c5 2. d5 e6 3. Nc3 exd5 4. Nxd5 Nf6 5. Bg5 Be7 6. Bxf6 Bxf6 7. c3 O-O 8.
Nf3 Nc6 9. e3 d6 10. Be2 Re8 11. O-O Be7 12. Qa4 Bf5 13. Qf4 Bg6 14. Rfd1 Bf8
15. Bd3 Ne5 16. Bxg6 Nxf3+ 17. Qxf3 hxg6 18. a4 Re5 19. Qf4 Qc8 20. a5 Qc6 21.
c4 Rae8 22. Qf3 Qc8 23. Ra3 Re4 24. Rc1 R4e5 25. Rb3 Rf5 26. Qd1 Rfe5 27. Rb5
Rd8 28. Qd3 Qc6 29. h3 Ree8 30. Rc3 Rd7 31. Rcb3 Re5 32. f4 Re8 33. e4 Be7 34.
Qf3 Bd8 35. a6 b6 36. Ra3 Qc8 37. Rbb3 Bf6 38. Kh2 Bd4 39. Ra1 Rdd8 40. Rf1
Qxa6 41. Rb5 Qc8 42. f5 Qd7 43. Rb3 Re5 44. Qg4 Qe8 45. fxg6 fxg6 46. Rbf3 Rh5
47. Kh1 Kh7 48. Rf7 Qe5 49. h4 Rh6 50. g3 Qh5 51. Qh3 Qe2 52. Qg2 Qxg2+ 53.
Kxg2 Bxb2 54. Rxa7 Rh5 55. Nxb6 Re5 56. Rf4 Bd4 57. Nd5 Rb8 58. Rd7 g5 59. hxg5
Rxg5 60. Rh4+ Kg8 61. Ne7+ 1-0

[Event "4NCL Division 2c"]
[Site "Hinckley Island ENG"]
[Date "2015.05.03"]
[Round "10.212"]
[White "Carleton, John J"]
[Black "Gordon, Stephen J"]
[Result "0-1"]
[WhiteElo "2251"]
[BlackElo "2493"]
[PlyCount "72"]
[EventDate "2015.05.03"]
[WhiteTeam "Spirit of Atticus A"]
[BlackTeam "3Cs"]

1. d4 d5 2. c4 e6 3. Nc3 a6 4. cxd5 exd5 5. Nf3 c6 6. e4 dxe4 7. Nxe4 Nf6 8.
Bd3 Bb4+ 9. Bd2 Bxd2+ 10. Qxd2 O-O 11. O-O Nxe4 12. Bxe4 Nd7 13. Rac1 Nf6 14.
Bb1 Re8 15. Rfe1 Rxe1+ 16. Rxe1 Be6 17. Qb4 Rb8 18. Ng5 Bd5 19. b3 Qd7 20. f3
h6 21. Ne4 Bxe4 22. fxe4 Rd8 23. e5 Nd5 24. Qd2 Ne7 25. Rd1 Nf5 26. Bxf5 Qxf5
27. Qd3 Qf4 28. Qf3 Qh4 29. g3 Qe7 30. Qe4 Rd5 31. Kf2 Qe6 32. g4 c5 33. Rd3 g6
34. dxc5 Rxe5 35. Rd8+ Kh7 36. Qd4 h5 0-1

[Event "4NCL Division 2c"]
[Site "Hinckley Island ENG"]
[Date "2015.05.03"]
[Round "10.213"]
[White "Horton, Andrew P"]
[Black "Ivell, Nicholas"]
[Result "0-1"]
[WhiteElo "2320"]
[BlackElo "2236"]
[PlyCount "98"]
[EventDate "2015.05.03"]
[WhiteTeam "3Cs"]
[BlackTeam "Spirit of Atticus A"]

1. Nf3 d5 2. c4 e6 3. g3 c5 4. Bg2 Nf6 5. b3 Be7 6. O-O O-O 7. Bb2 Nc6 8. e3
Re8 9. Qe2 h6 10. Rd1 d4 11. exd4 cxd4 12. Ne5 Qb6 13. d3 Bd6 14. Nxc6 bxc6 15.
Nd2 e5 16. Rab1 Bg4 17. Bf3 Bxf3 18. Qxf3 c5 19. g4 Nh7 20. Ne4 Be7 21. Bc1 Bg5
22. Re1 Bxc1 23. Rbxc1 Rac8 24. Qg2 Re6 25. Ng3 Rce8 26. Re2 Nf8 27. Rce1 Ng6
28. Nh5 Qd8 29. Qf3 Qg5 30. h3 Nh4 31. Qd5 e4 32. Rd1 exd3 33. Rxe6 Rxe6 34.
Qxg5 hxg5 35. Rxd3 Re1+ 36. Kh2 Re2 37. Kg3 Rxa2 38. b4 cxb4 39. Rxd4 Ra3+ 40.
f3 Rxf3+ 41. Kh2 Rf2+ 42. Kg1 Rf3 43. c5 a5 44. Rd8+ Kh7 45. Ra8 Rxh3 46. Rxa5
Rc3 47. Kf2 b3 48. Rb5 Nf3 49. Rb4 Ne5 0-1

[Event "4NCL Division 2c"]
[Site "Hinckley Island ENG"]
[Date "2015.05.03"]
[Round "10.214"]
[White "Jackson, Sheila"]
[Black "Abbas, Daniel"]
[Result "1/2-1/2"]
[WhiteElo "2134"]
[BlackElo "2260"]
[PlyCount "89"]
[EventDate "2015.05.03"]
[WhiteTeam "Spirit of Atticus A"]
[BlackTeam "3Cs"]

1. e4 c5 2. c3 d5 3. exd5 Qxd5 4. d4 e6 5. Nf3 Nf6 6. Bd3 Be7 7. O-O O-O 8. Be3
cxd4 9. cxd4 b6 10. Nc3 Qd8 11. Qe2 Bb7 12. Rac1 Nd5 13. a3 Nd7 14. Nxd5 Bxd5
15. Bf4 Bxf3 16. Qxf3 Nf6 17. Be5 Qd5 18. Qh3 h6 19. Bc4 Qd8 20. Ba6 Bd6 21.
Rc3 Bxe5 22. dxe5 Ne4 23. Re3 Nc5 24. Be2 a5 25. Rd1 Qe7 26. Rg3 Ne4 27. Rg4
Ng5 28. Qe3 Qc5 29. Rgd4 Rac8 30. h4 Nh7 31. Bd3 Rfe8 32. b4 axb4 33. axb4 Qc7
34. Rg4 h5 35. Rd4 Nf8 36. Rd6 Rb8 37. Rc1 Qe7 38. g3 b5 39. Rc5 Red8 40. Rxd8
Qxd8 41. Bxb5 Nd7 42. Bxd7 Qxd7 43. Qc3 Qb7 44. Rc4 g6 45. Rd4 1/2-1/2

[Event "4NCL Division 2c"]
[Site "Hinckley Island ENG"]
[Date "2015.05.03"]
[Round "10.215"]
[White "Walton, Alan J"]
[Black "Phillips, David A"]
[Result "1/2-1/2"]
[WhiteElo "2222"]
[BlackElo "2162"]
[PlyCount "43"]
[EventDate "2015.05.03"]
[WhiteTeam "3Cs"]
[BlackTeam "Spirit of Atticus A"]

1. d4 Nf6 2. Bg5 Ne4 3. Bf4 c5 4. f3 Qa5+ 5. c3 Nf6 6. d5 Qb6 7. e4 Qxb2 8. Nd2
Qxc3 9. Bc7 d6 10. Rb1 Nfd7 11. Bb5 g6 12. Ne2 Qf6 13. Qa4 a6 14. Nc4 Bg7 15.
Nb6 axb5 16. Qxa8 Nxb6 17. Bxb6 O-O 18. Bxc5 dxc5 19. Qxb8 Bh3 20. Qg3 Bd7 21.
Qc7 Qe5 22. Qxb7 1/2-1/2

[Event "4NCL Division 2c"]
[Site "Hinckley Island ENG"]
[Date "2015.05.03"]
[Round "10.216"]
[White "Ackley, Peter J"]
[Black "Horton, Jamie A"]
[Result "1/2-1/2"]
[WhiteElo "2125"]
[BlackElo "2170"]
[PlyCount "25"]
[EventDate "2015.05.03"]
[WhiteTeam "Spirit of Atticus A"]
[BlackTeam "3Cs"]

1. f4 Nf6 2. Nf3 d5 3. e3 Bg4 4. h3 Bxf3 5. Qxf3 Nbd7 6. g4 c6 7. d3 g6 8. Nc3
Qb6 9. Rb1 e6 10. Bg2 Bg7 11. Bd2 O-O 12. O-O Ne8 13. Kh1 1/2-1/2

[Event "4NCL Division 2c"]
[Site "Hinckley Island ENG"]
[Date "2015.05.03"]
[Round "10.217"]
[White "Burton, Graham P"]
[Black "Robertson, David J"]
[Result "1/2-1/2"]
[WhiteElo "2005"]
[BlackElo "2095"]
[PlyCount "83"]
[EventDate "2015.05.03"]
[WhiteTeam "3Cs"]
[BlackTeam "Spirit of Atticus A"]

1. e4 c5 2. Nf3 e6 3. d4 cxd4 4. Nxd4 Nc6 5. Nc3 Qc7 6. Be3 a6 7. f4 Nge7 8.
Nb3 Ng6 9. Qd2 Bb4 10. Bd3 O-O 11. O-O b5 12. a3 Be7 13. Qf2 d6 14. Qf3 Rb8 15.
Qh5 b4 16. Ne2 Bf6 17. Rf3 Re8 18. Rh3 Nf8 19. Nbd4 Nxd4 20. Nxd4 g6 21. Rg3
Bg7 22. Qe2 e5 23. fxe5 Bxe5 24. Rf3 d5 25. Rff1 Bxh2+ 26. Kh1 Be5 27. axb4
dxe4 28. Bc4 Ne6 29. Nxe6 Bxe6 30. Bxe6 Rxe6 31. c3 Qd8 32. Qg4 Qd3 33. Bc5 h5
34. Qg5 Rd8 35. Bd4 Rde8 36. Bxe5 Rxe5 37. Qf6 R5e7 38. Qxa6 Qg3 39. Qd6 h4 40.
Ra8 Rxa8 41. Qxe7 Rf8 42. Qxe4 1/2-1/2

[Event "4NCL Division 2c"]
[Site "Hinckley Island ENG"]
[Date "2015.05.03"]
[Round "10.218"]
[White "Latham, David"]
[Black "Manton, Jacob"]
[Result "1/2-1/2"]
[WhiteElo "2074"]
[BlackElo "1990"]
[PlyCount "130"]
[EventDate "2015.05.03"]
[WhiteTeam "Spirit of Atticus A"]
[BlackTeam "3Cs"]

1. d4 Nf6 2. Nc3 e6 3. g3 d5 4. Bg2 c5 5. Nf3 Nc6 6. O-O cxd4 7. Nxd4 Bc5 8.
Nxc6 bxc6 9. Na4 Be7 10. c4 O-O 11. Be3 Ba6 12. Nc5 Bc8 13. Qa4 Qe8 14. Na6
Bxa6 15. Qxa6 Qd7 16. Rfd1 Rfb8 17. b3 Qb7 18. Qxb7 Rxb7 19. Rac1 a5 20. cxd5
cxd5 21. Bg5 Ba3 22. Rc2 Ne8 23. e4 f6 24. Bc1 Bxc1 25. Rdxc1 Rd7 26. exd5 exd5
27. Rc5 Rad8 28. Rxa5 d4 29. Rd1 Nc7 30. Rd3 Kf7 31. Bh3 Rd6 32. Rc5 Na6 33.
Rc4 g6 34. Bc8 Nb8 35. b4 Nc6 36. b5 Rxc8 37. bxc6 Rcxc6 38. Rxc6 Rxc6 39. Rxd4
Rc1+ 40. Kg2 Ke6 41. h4 Rc3 42. Ra4 h5 43. Ra8 Ke5 44. a4 Ra3 45. a5 Kf5 46. a6
Ra1 47. a7 Ra2 48. Kh3 Ra4 49. f3 Ra3 50. Kg2 Ra2+ 51. Kf1 Ra4 52. Ke2 Ra3 53.
g4+ Kf4 54. Rf8 Ra2+ 55. Kd3 Rxa7 56. Rxf6+ Kg3 57. Rxg6 Kxf3 58. gxh5 Ra4 59.
Rf6+ Kg3 60. h6 Rxh4 61. Ke3 Kh2 62. Kf3 Kh3 63. Rb6 Kh2 64. Rb2+ Kh3 65. Rb1
Kh2 1/2-1/2

[Event "4NCL Division 2c"]
[Site "Hinckley Island ENG"]
[Date "2015.05.03"]
[Round "10.221"]
[White "Therrien, Alex L"]
[Black "O'Donnell, Conor"]
[Result "1-0"]
[WhiteElo "2228"]
[BlackElo "2185"]
[PlyCount "139"]
[EventDate "2015.05.03"]
[WhiteTeam "Sussex Martlets 1"]
[BlackTeam "Barbican 4NCL Youth"]

1. d4 Nf6 2. c4 e6 3. Nc3 Bb4 4. e3 O-O 5. Nge2 d5 6. a3 Bd6 7. c5 Be7 8. Nf4
b6 9. b4 c6 10. Bd2 Nbd7 11. Nd3 Ba6 12. Ne5 Bb7 13. f4 Nxe5 14. fxe5 Ne8 15.
Bd3 f6 16. Qc2 g6 17. exf6 Bxf6 18. O-O e5 19. dxe5 Bxe5 20. Rxf8+ Kxf8 21.
Rf1+ Kg7 22. Ne2 bxc5 23. Qxc5 Qd6 24. Bc3 Bxc3 25. Qxc3+ Nf6 26. Qd4 Qe7 27.
Rf3 a5 28. g4 h6 29. h4 Qe6 30. Ng3 axb4 31. axb4 Rf8 32. g5 hxg5 33. hxg5 Bc8
34. Rxf6 Rxf6 35. gxf6+ Qxf6 36. Kg2 Bd7 37. Qxf6+ Kxf6 38. Ne2 g5 39. Nd4 Ke5
40. Kg3 Kd6 41. Bf5 Be8 42. Kg4 c5 43. bxc5+ Kxc5 44. Kxg5 Ba4 45. Kf6 Kd6 46.
Be6 Bd1 47. Nf5+ Kc5 48. Ke5 Bc2 49. Ne7 Be4 50. Bxd5 Bd3 51. Nc6 Bc2 52. Nd4
Bd3 53. Nb3+ Kb4 54. Kd4 Be2 55. Nc5 Bh5 56. Be4 Be8 57. Bf5 Bc6 58. Be6 Ka5
59. Ke5 Kb6 60. Kd6 Bf3 61. Bd5 Bg4 62. e4 Ka5 63. e5 Kb4 64. Be6 Be2 65. Bf5
Bc4 66. Be4 Bf7 67. Bd5 Bh5 68. e6 Kc3 69. Ne4+ Kd4 70. Nf6 1-0

[Event "4NCL Division 2c"]
[Site "Hinckley Island ENG"]
[Date "2015.05.03"]
[Round "10.222"]
[White "Sands, David"]
[Black "Grant, David J"]
[Result "1/2-1/2"]
[WhiteElo "2185"]
[BlackElo "2098"]
[PlyCount "42"]
[EventDate "2015.05.03"]
[WhiteTeam "Barbican 4NCL Youth"]
[BlackTeam "Sussex Martlets 1"]

1. d4 Nf6 2. c4 e6 3. Nc3 Bb4 4. e3 O-O 5. Nge2 d5 6. a3 Bd6 7. Ng3 b6 8. cxd5
exd5 9. Be2 Re8 10. O-O Bb7 11. b4 Ne4 12. Ngxe4 dxe4 13. f4 exf3 14. Bxf3 Qh4
15. h3 Nc6 16. Nb5 Rad8 17. Qc2 a6 18. Nxd6 Rxd6 19. Qf2 Qe7 20. Bd2 Nd8 21.
Bxb7 Nxb7 1/2-1/2

[Event "4NCL Division 2c"]
[Site "Hinckley Island ENG"]
[Date "2015.05.03"]
[Round "10.223"]
[White "Graham, David B"]
[Black "Stewart, Ashley"]
[Result "1-0"]
[WhiteElo "2133"]
[BlackElo "2061"]
[PlyCount "117"]
[EventDate "2015.05.03"]
[WhiteTeam "Sussex Martlets 1"]
[BlackTeam "Barbican 4NCL Youth"]

1. e4 c5 2. Nc3 a6 3. f4 b5 4. g3 Bb7 5. Bg2 e6 6. d3 b4 7. Nce2 d5 8. e5 h5 9.
Nf3 Nh6 10. Be3 Nf5 11. Bf2 Nc6 12. O-O Qb6 13. h3 Be7 14. c3 a5 15. a3 Ba6 16.
axb4 axb4 17. Nd2 bxc3 18. bxc3 O-O 19. Qc2 Bb7 20. Rab1 Qc7 21. Nb3 Na5 22.
Nxa5 Rxa5 23. c4 Rfa8 24. Nc3 Nd4 25. Qb2 Bc6 26. cxd5 exd5 27. Nxd5 Bxd5 28.
Bxd5 Rd8 29. Be4 Rb5 30. Qa2 Rdb8 31. Rxb5 Rxb5 32. Bxd4 cxd4 33. Bd5 Bf8 34.
Bc4 Rb4 35. Qe2 Qb6 36. Qxh5 g6 37. Qg4 Rb1 38. e6 Rxf1+ 39. Kxf1 Qb1+ 40. Kf2
Qc2+ 41. Qe2 Qxe2+ 42. Kxe2 fxe6 43. Bxe6+ Kg7 44. Kf3 Bb4 45. Kg4 Kf6 46. Bd7
Bd2 47. h4 Bc1 48. Bc6 Bd2 49. Be4 Bc1 50. Kf3 Bd2 51. g4 Be1 52. g5+ Kg7 53.
Kg4 Bd2 54. f5 gxf5+ 55. Bxf5 Be3 56. h5 Kg8 57. h6 Kh8 58. Kh5 Bf4 59. g6 1-0

[Event "4NCL Division 2c"]
[Site "Hinckley Island ENG"]
[Date "2015.05.03"]
[Round "10.224"]
[White "Brett, Andrew"]
[Black "Bucher, Grant W"]
[Result "1/2-1/2"]
[WhiteElo "2110"]
[BlackElo "2132"]
[PlyCount "64"]
[EventDate "2015.05.03"]
[WhiteTeam "Barbican 4NCL Youth"]
[BlackTeam "Sussex Martlets 1"]

1. e4 e5 2. Nf3 Nc6 3. Bb5 a6 4. Ba4 Nf6 5. O-O b5 6. Bb3 Bc5 7. c3 d6 8. d4
Bb6 9. a4 Bb7 10. Re1 O-O 11. Bg5 h6 12. Bxf6 Qxf6 13. Bd5 Rab8 14. axb5 axb5
15. Na3 exd4 16. Bxc6 Bxc6 17. cxd4 Rfe8 18. Qd3 Qf4 19. d5 Bd7 20. g3 Qf6 21.
Nc2 Bg4 22. Nfd4 Ra8 23. Kg2 Bd7 24. f3 Qe5 25. f4 Qh5 26. f5 Rxa1 27. Rxa1 Qg4
28. Re1 g6 29. h3 Qh5 30. Rf1 gxf5 31. Nxf5 Re5 32. g4 Qg5 1/2-1/2